1970s Movies #4 - Statistics

General Stats
  • This quiz has been taken 275 times
  • The average score is 3 of 10
Answer Stats
Hint Answer % Correct
This film is roughly divided into three segments: 1. Wedding and normal life for steel workers in Pittsburgh 2. Vietnam War 3. Return home and madness The Deer Hunter
85%
Yes, Woody Allen is a pedo. (Black and White) Manhattan
48%
On a Scottish island, happy people sing merry songs of "corn rigs and barley rigs", trees that come from people's graves and a landlord's daughter you wouldn't take home to your mother. Too bad their last harvest was so poor. The Wicker Man
38%
"Every town / Has its ups and downs / Sometimes the ups / Outnumber the downs / But not in Nottingham ..." Robin Hood
37%
"La Nuit américaine" - the process of filming a scene by day and then filtering it so that it looks like night. Day for Night
15%
Tangerine Dream provide the score for this film depicting poor bastards who transport nitroglycerin through the South American jungle. Sorcerer
11%
Ilsa leads the "Medical Camp 9". She stops at nothing to prove that women are more resilient than men. Ilsa, She-Wolf of the SS
6%
In one scene, people relieve themselves while sitting together at a table, and go to private rooms to have lunch. These and other absurd events are only held together by a person each that leaves one scene to enter the next. The Phantom of Liberty
6%
Repressed by Manchurian tyrants, a young Chinese guy enters the Shaolin temple in order to learn Kung Fu and lead a rebellion. The 36th Chamber of Shaolin
3%
In 10 million years, Earth has been struck by a Nuclear War, but guess what? Magic is making a comeback! Wizards
3%
No matching quizzes found
Score Distribution
Percent of People with Each Score
Percentile by Number Answered
Your Score History
You have not taken this quiz